000 00592cam a22002053a 4500
001 43377
003 PGUSA
005 20140828084003.0
008 130801s2013||||xxu|||||s|||||000 | eng d
040 _aPGUSA
_beng
042 _adc
100 1 _aAdcock, K. J.
245 1 0 _aLeather :
_bFrom the Raw Material to the Finished Product
_h[electronic resource] /
_cK. J. Adcock
260 _bProject Gutenberg,
_c2013
506 _aPublic domain in the USA.
516 _aElectronic text
830 0 _aProject Gutenberg
_v43377
856 4 0 _uhttp://www.gutenberg.org/ebooks/43377
942 _cEB
999 _c272628
_d272628